[Event "POL-chT2 South U19"]
[Site "Rudnik"]
[Date "2000.??.??"]
[Round "5.4"]
[White "Janisio, Adrian"]
[Black "Dudys, Jakub"]
[Result "1/2-1/2"]
[WhiteElo "1600"]
[BlackElo "1800"]
[PlyCount "60"]
[EventDate "2000.07.20"]
[EventType "team-swiss"]
[EventRounds "10"]
[EventCountry "POL"]
[SourceTitle "EXT 2005"]
[Source "ChessBase"]
[SourceDate "2004.11.15"]
[SourceVersion "1"]
[SourceVersionDate "2004.11.15"]
[SourceQuality "1"]
[WhiteTeam "Glogow Budoprojekt U19"]
[BlackTeam "Wisla Strumien U19"]
[WhiteTeamCountry "POL"]
[BlackTeamCountry "POL"]

1. e4 Nc6 2. Nf3 d6 3. d4 Bg4 4. Be3 Nf6 5. Nc3 e6 6. Be2 Be7 7. Qd2 0-0 8. h3 Bh5 9. g4 Bg6 10. Bd3 Nb4 11. g5 Nd7 12. h4 d5 13. h5 dxe4 14. Bxe4 Bxe4 15. Nxe4 Nd5 16. 0-0-0 N7b6 17. Rdg1 Nc4 18. Qe2 Ncxe3 19. fxe3 Qd7 20. g6 fxg6 21. hxg6 h6 22. Ne5 Qe8 23. Qg4 Bd6 24. Nxd6 cxd6 25. Nc4 Qe7 26. Qg3 Rad8 27. Rf1 Qc7 28. Rxf8+ Kxf8 29. Rf1+ Kg8 30. Nd2 Rc8 1/2-1/2

[Event "POL-chT2 South U19"]
[Site "Rudnik"]
[Date "2000.??.??"]
[Round "1.4"]
[White "Kopacz, Przemyslaw"]
[Black "Janisio, Adrian"]
[Result "1/2-1/2"]
[WhiteElo "1800"]
[BlackElo "1600"]
[PlyCount "91"]
[EventDate "2000.07.20"]
[EventType "team-swiss"]
[EventRounds "10"]
[EventCountry "POL"]
[SourceTitle "EXT 2005"]
[Source "ChessBase"]
[SourceDate "2004.11.15"]
[SourceVersion "1"]
[SourceVersionDate "2004.11.15"]
[SourceQuality "1"]
[WhiteTeam "Czarna Czarnovia U19"]
[BlackTeam "Glogow Budoprojekt U19"]
[WhiteTeamCountry "POL"]
[BlackTeamCountry "POL"]

1. c4 Nf6 2. Nc3 e6 3. g3 d5 4. cxd5 exd5 5. d4 Bb4 6. Bg2 c6 7. Bd2 Bf5 8. e3 Bxc3 9. Bxc3 0-0 10. Nf3 Re8 11. 0-0 Nbd7 12. Nh4 Bg4 13. f3 Bh5 14. g4 Bxg4 15. fxg4 Nxg4 16. Nf5 g6 17. h3 gxf5 18. hxg4 fxg4 19. e4 Qh4 20. Be1 g3 21. Rf3 Qh2+ 22. Kf1 dxe4 23. Rxg3+ Kh8 24. Qg4 Rg8 25. Qf4 Rxg3 26. Bxg3 Qh5 27. Bxe4 Qb5+ 28. Ke1 Qxb2 29. Rd1 Qc3+ 30. Kf2 Rg8 31. Qh4 Qb2+ 32. Ke1 Qc3+ 33. Ke2 Nf8 34. Be5+ Rg7 35. Bxg7+ Kxg7 36. Rg1+ Ng6 37. Bxg6 hxg6 38. Rh1 Qc2+ 39. Kf1 Qd3+ 40. Kg2 Qe2+ 41. Qf2 Qe4+ 42. Kh2 Qd5 43. Re1 Qh5+ 44. Kg2 Qg4+ 45. Kf1 Qh3+ 46. Kg1 1/2-1/2

[Event "POL-chT2 South U19"]
[Site "Rudnik"]
[Date "2000.??.??"]
[Round "7.4"]
[White "Kukielka, Maciej"]
[Black "Janisio, Adrian"]
[Result "0-1"]
[WhiteElo "1600"]
[BlackElo "1600"]
[PlyCount "58"]
[EventDate "2000.07.20"]
[EventType "team-swiss"]
[EventRounds "10"]
[EventCountry "POL"]
[SourceTitle "EXT 2005"]
[Source "ChessBase"]
[SourceDate "2004.11.15"]
[SourceVersion "1"]
[SourceVersionDate "2004.11.15"]
[SourceQuality "1"]
[WhiteTeam "POL-chT2 South U19 5"]
[BlackTeam "Glogow Budoprojekt U19"]
[WhiteTeamCountry "POL"]
[BlackTeamCountry "POL"]

1. e4 c5 2. Nf3 e6 3. d4 cxd4 4. Nxd4 a6 5. Nc3 Qc7 6. Bd3 Nf6 7. 0-0 b5 8. f4 d6 9. Nf3 Bb7 10. a3 Be7 11. Qe2 Nbd7 12. e5 dxe5 13. fxe5 Nd5 14. Nxd5 Bxd5 15. Be4 Bxe4 16. Qxe4 Rc8 17. c3 0-0 18. Ng5 Bxg5 19. Bxg5 Qxe5 20. Qxe5 Nxe5 21. Rad1 Nc4 22. Rf2 f6 23. Bf4 e5 24. Bg3 Rfd8 25. Rxd8+ Rxd8 26. Re2 Kf7 27. Kf2 Ke6 28. Kf3 Rd2 29. Rxd2 Nxd2+ 0-1

[Event "POL-chT2 South U19"]
[Site "Rudnik"]
[Date "2000.??.??"]
[Round "6.4"]
[White "Szwed, Jacek"]
[Black "Janisio, Adrian"]
[Result "1-0"]
[WhiteElo "1800"]
[BlackElo "1600"]
[PlyCount "71"]
[EventDate "2000.07.20"]
[EventType "team-swiss"]
[EventRounds "10"]
[EventCountry "POL"]
[SourceTitle "EXT 2005"]
[Source "ChessBase"]
[SourceDate "2004.11.15"]
[SourceVersion "1"]
[SourceVersionDate "2004.11.15"]
[SourceQuality "1"]
[WhiteTeam "Katowice Start U19"]
[BlackTeam "Glogow Budoprojekt U19"]
[WhiteTeamCountry "POL"]
[BlackTeamCountry "POL"]

1. d4 Nf6 2. c4 e6 3. Nc3 d5 4. cxd5 exd5 5. Bg5 c6 6. Qc2 Bd6 7. e3 Be6 8. Bd3 h6 9. Bh4 0-0 10. Nge2 Nbd7 11. h3 Nb6 12. 0-0 Re8 13. f3 Rc8 14. e4 dxe4 15. fxe4 Be7 16. Rad1 Nc4 17. Bf2 Nb6 18. Ng3 Qd7 19. Kh2 Qc7 20. e5 Nfd5 21. Bf5 Bh4 22. Qe4 Bxg3+ 23. Bxg3 Bxf5 24. Rxf5 Qe7 25. Qe2 Qb4 26. Ne4 Qc4 27. Qf2 Rcd8 28. Nd6 Rxd6 29. exd6 Ne3 30. Re1 Qxd4 31. Rf3 Nbd5 32. Bf4 Nxf4 33. Rexe3 Rxe3 34. Qxe3 Qxe3 35. Rxe3 Ne6 36. Rxe6 1-0